[Event "21st Pobeskydi Chance Cup"]
[Site "Frydek-Mistek CZE"]
[Date "2010.04.02"]
[Round "3"]
[White "Dvorak,T"]
[Black "Stachowiak,K"]
[Result "0-1"]
[WhiteElo "2297"]
[BlackElo "2401"]

1.e4 c5 2.Nf3 e6 3.d4 cxd4 4.Nxd4 a6 5.Nc3 b5 6.Bd3 Qb6 7.Nb3 Qc7 8.Qe2 Bb7
9.O-O d6 10.a4 b4 11.Na2 Nf6 12.Bd2 d5 13.e5 Nfd7 14.f4 g6 15.Kh1 Nc6 16.c3 bxc3
17.bxc3 Nc5 18.Nxc5 Bxc5 19.Nb4 a5 20.Nc2 O-O 21.Be3 Bxe3 22.Qxe3 Ba6 23.Bb5 Ne7
24.Nd4 Rfc8 25.Ra3 Qc5 26.Rfa1 Qb6 27.h3 Bxb5 28.axb5 Rc5 29.Qg1 Rc4 30.Qd1 h6
31.Kh2 Kg7 32.Qg4 Nf5 33.Nxf5+ exf5 34.Qf3 Qxb5 35.Qe3 Re4 36.Qd2 a4 37.Rd1 Rd8
38.Ra2 Qc4 39.Qc2 Rxf4 40.Rda1 Ra8 41.Rb2 Rc8 42.e6 fxe6 43.Rb7+ Rc7 44.Rxa4 Rxb7
45.Rxc4 Rxc4 46.Qe2 Kf6 47.Qe3 g5 48.Qf3 g4 49.Qe3 f4 50.Qd3 g3+ 51.Kg1 Re4
52.Kf1 Rb2 53.Qd1 Rf2+ 54.Kg1 Ree2 55.Qd4+ Kf7  0-1

[Event "21st Pobeskydi Arcelor Mittal Cup"]
[Site "Frydek-Mistek CZE"]
[Date "2010.04.02"]
[Round "3"]
[White "Nguyen,Di"]
[Black "Leks,M"]
[Result "1-0"]
[WhiteElo "2192"]
[BlackElo "1962"]

1.e4 c5 2.Nf3 e6 3.d4 cxd4 4.Nxd4 a6 5.Nc3 b5 6.Bd3 Bb7 7.O-O d6 8.Qe2 Nf6
9.Bd2 Nbd7 10.Rad1 Be7 11.Kh1 Nc5 12.a3 O-O 13.f4 d5 14.e5 Nfe4 15.b4 Nxd3
16.cxd3 Nxc3 17.Bxc3 Rc8 18.Bb2 a5 19.f5 Bh4 20.Rb1 Re8 21.f6 Bg5 22.Qg4 Bh6
23.Bc1 Rxc1 24.Rbxc1 g6 25.Rc5 axb4 26.axb4 Bf8 27.Rc2 Qb6 28.Nb3 d4 29.Qxd4 Qxd4
30.Nxd4 Rd8 31.Nc6 Bxc6 32.Rxc6 Rxd3 33.Rc8 Rd4 34.Ra1  1-0

[Event "ch-WLS"]
[Site "Cardiff WLS"]
[Date "2010.04.03"]
[Round "2"]
[White "Adebajo,O"]
[Black "Summers,C"]
[Result "1/2-1/2"]
[WhiteElo "1952"]
[BlackElo "1953"]

1.e4 c5 2.Nf3 e6 3.Nc3 a6 4.d4 cxd4 5.Nxd4 Qc7 6.a3 b5 7.Bd3 Bb7 8.O-O Nc6
9.Be3 Nf6 10.Qe2 Ne5 11.h3 Rc8 12.Bf4 Bc5 13.Nf3 Nxf3+ 14.Qxf3 Bd6 15.Bg5 Be5  1/2-1/2

[Event "21st Pobeskydi Chance Cup"]
[Site "Frydek-Mistek CZE"]
[Date "2010.04.03"]
[Round "6"]
[White "Tuma,Ja"]
[Black "Stachowiak,K"]
[Result "1/2-1/2"]
[WhiteElo "2201"]
[BlackElo "2401"]

1.e4 c5 2.Nf3 e6 3.d4 cxd4 4.Nxd4 a6 5.Nc3 b5 6.Bd3 Qb6 7.Nb3 Qc7 8.Qe2 Bb7
9.O-O d6 10.f4 Nd7 11.Bd2 Ngf6 12.Rae1 b4 13.Nd1 d5 14.exd5 Nxd5 15.f5 e5
16.Ne3 Nxe3 17.Qxe3 Be7 18.Qg3 Bf6 19.Bg5 O-O 20.Bxf6 Qb6+ 21.Kh1 Qxf6 22.Na5 Bd5
23.Be4  1/2-1/2

[Event "Najdorf Centenary Open"]
[Site "Buenos Aires ARG"]
[Date "2010.04.04"]
[Round "4"]
[White "Martinez de Negri,G"]
[Black "Calens,D"]
[Result "1-0"]
[WhiteElo "2001"]
[BlackElo "2108"]

1.e4 c5 2.Nf3 e6 3.d4 cxd4 4.Nxd4 a6 5.Nc3 Qc7 6.Be3 Bb4 7.Qd2 Nf6 8.Bd3 d5
9.exd5 Nxd5 10.Nde2 Nxe3 11.Qxe3 O-O 12.O-O Be7 13.Ne4 Nc6 14.c3 e5 15.f4 f5
16.Nf2 Be6 17.Rae1 e4 18.Nxe4 fxe4 19.Qxe4 Bf5 20.Qd5+ Kh8 21.Bxf5 Bh4 22.Bxh7 Rf6
23.g3 Kxh7 24.Qe4+ Kg8 25.gxh4 Qb6+ 26.Kh1 Qxb2 27.Qd5+ Kh8 28.Rg1 Raf8 29.Qg5 R8f7
30.Qh5+ Kg8 31.Qd5 Rf5 32.Qe6 Rf6 33.Qe8+ Rf8 34.Qh5 Qc2 35.Qd5+ R8f7 36.Nd4 Nxd4
37.Re8+ Kh7 38.Qh5+ Rh6 39.Qxf7  1-0

[Event "21st Pobeskydi Arcelor Mittal Cup"]
[Site "Frydek-Mistek CZE"]
[Date "2010.04.04"]
[Round "8"]
[White "Nayhebaver,Martin"]
[Black "Rabatin,J"]
[Result "0-1"]
[WhiteElo "1970"]
[BlackElo "2136"]

1.e4 c5 2.Nf3 e6 3.d4 cxd4 4.Nxd4 a6 5.Nc3 Qc7 6.Be3 Bb4 7.f3 Nf6 8.Ne2 d5
9.Qd3 dxe4 10.fxe4 O-O 11.O-O-O b5 12.Bf4 e5 13.Bg5 Nbd7 14.Nd5 Nxd5 15.exd5 Bd6
16.Be3 f5 17.g3 Nf6 18.Qc3 Qe7 19.Bg2 Bd7 20.Kb1 a5 21.Bg5 b4 22.Qd2 a4 23.Rhf1 b3
24.cxb3 axb3 25.a3 f4 26.Qd3 h6 27.Bxf6 Qxf6 28.Be4 Ra4 29.Nc3 Rd4 30.Qe2 Qg5
31.Bd3 Bg4 32.Qd2 Bxd1 33.Rxd1 e4 34.Nxe4 Qxd5 35.Nxd6 Kh8 36.Nb5 Rxd3 37.Qxd3 Qxd3+
38.Rxd3 fxg3 39.Kc1 gxh2 40.Rh3 Rf1+ 41.Kd2 h1=Q 42.Rxh1 Rxh1 43.a4 Rh4 44.Nc3 h5
45.a5 Rd4+ 46.Ke3 Rd6 47.Ne4 Ra6 48.Nc5 Rxa5 49.Nxb3 Rb5 50.Nd4 Rxb2  0-1

[Event "ch-WLS"]
[Site "Cardiff WLS"]
[Date "2010.04.05"]
[Round "7"]
[White "Spice,A"]
[Black "Thomas,Jam"]
[Result "1/2-1/2"]
[WhiteElo "2169"]
[BlackElo "1870"]

1.Nc3 c5 2.Nf3 e6 3.d4 cxd4 4.Nxd4 a6 5.e4 Nc6 6.Nxc6 bxc6 7.e5 Qc7 8.f4 Ne7
9.Ne4 Nf5 10.g4 d5 11.gxf5 dxe4 12.fxe6 Bxe6 13.Bg2 Bf5 14.Qe2 Qa5+ 15.Bd2 Qa4
16.b3 Qd4 17.c3 Qd5 18.O-O Rd8 19.Be3 Qd3 20.Rfe1 Ba3 21.Qxd3 Rxd3 22.Bf1 Rxc3
23.Bxa6 Ke7 24.Bd4 Rc2 25.Re2 Rxe2 26.Bxe2 Rd8 27.Be3 c5 28.Rd1 Rxd1+ 29.Bxd1 Kd7
30.Be2 g6 31.Bb5+ Kc7 32.Kf2 Kb6 33.Bc4 Be6 34.Bxe6 fxe6 35.Bd2 Kc6 36.Ke3 Kd5
37.Bc3 Bc1+ 38.Ke2 Bxf4 39.h3 h5 40.a4 g5 41.Kf2 g4 42.hxg4 hxg4 43.a5 Kc6
44.Ke2 Kb5 45.Kf2 g3+ 46.Kg2 Ka6 47.Kh3 e3 48.Kg2 e2 49.Kf3 Bxe5 50.Be1 g2
51.Kxg2 Bc7 52.b4 cxb4 53.Bxb4 Bxa5 54.Bxa5 Kxa5 55.Kf2 e1=Q+ 56.Kxe1 Kb4
57.Kd2 Kc5 58.Kc3 e5 59.Kd3 Kd5 60.Ke3  1/2-1/2

[Event "Open"]
[Site "Thessaloniki GRE"]
[Date "2010.04.06"]
[Round "2"]
[White "Papakonstantinou,D"]
[Black "Velikov,P"]
[Result "0-1"]
[WhiteElo "1626"]
[BlackElo "2425"]

1.e4 c5 2.Nf3 e6 3.d4 cxd4 4.Nxd4 a6 5.Nc3 Qc7 6.Be3 Nf6 7.Qd2 Bb4 8.f3 d5
9.e5 Qxe5 10.O-O-O Qc7 11.Bf4 Qa5 12.Nb3 Qb6 13.a3 Be7 14.g4 Nc6 15.g5 Nh5
16.Be3 Qc7 17.f4 Bd6 18.f5 O-O 19.f6 g6 20.Be2 Ne5 21.Qd4 Nc4 22.Bxc4 Be5
23.Qc5 dxc4 24.Na5 b6 25.Qxc7 Bxc7 26.Nxc4 Bb7 27.Rhf1 b5 28.Nd6 Bc6 29.Bc5 Rfd8
30.b4 Rd7 31.Rd4 Rad8 32.Rfd1 e5 33.R4d2 Nf4 34.Nde4 Rxd2 35.Rxd2 Nd5 36.Be7 Nxc3
37.Bxd8 Nxe4 38.Rd3 Bd6 39.Bb6 h6 40.h4 hxg5 41.hxg5 Bf8 42.Be3 Nd6 43.Bc5 Nb7
44.Be7 Bxe7 45.fxe7 f5 46.gxf6 Kf7 47.Rd8 Be8 48.Kd2 g5 49.Ke3 g4 50.Ke4 Kxf6
51.Kd5 Kxe7 52.Rc8 Nd6 53.Rc3 Nf7 54.Rg3 Bd7 55.Rg1 Bf5 56.Rf1 Kf6 57.c4 bxc4
58.Kxc4 Kg5 59.a4 g3 60.b5 axb5+ 61.axb5 g2 62.Rg1 Be4 63.b6 Nd6+ 64.Kc5 Nb7+
65.Kc4 Kg4 66.Kc3 Kf3 67.Kd2 Kf2  0-1

[Event "IV Open"]
[Site "La Laguna ESP"]
[Date "2010.04.09"]
[Round "6"]
[White "Molina Rodriguez,B"]
[Black "Villavicencio Martinez,C"]
[Result "1-0"]
[WhiteElo "1941"]
[BlackElo "2119"]

1.e4 c5 2.Nf3 e6 3.d4 cxd4 4.Nxd4 a6 5.Nc3 Qc7 6.Be2 b5 7.O-O Bb7 8.Re1 Nc6
9.Nxc6 dxc6 10.e5 Rd8 11.Bd3 c5 12.Qg4 Rd4 13.Qg3 h5 14.Be4 b4 15.Qf3 Bxe4
16.Nxe4 Qxe5 17.Bf4 Qf5 18.c3 Rd5 19.Rad1 Kd7 20.Rxd5+ exd5 21.Ng3 Qf6 22.Qxd5+ Bd6
23.Nf5 g6 24.Qb7+  1-0

[Event "Final Four of College Chess"]
[Site "Brownsville USA"]
[Date "2010.04.10"]
[Round "1"]
[White "Kaplan,S"]
[Black "Bercys,S"]
[Result "0-1"]
[WhiteElo "2430"]
[BlackElo "2420"]

1.e4 c5 2.Nf3 e6 3.d4 cxd4 4.Nxd4 a6 5.Nc3 Qc7 6.Be2 b5 7.O-O Bb7 8.Bf3 Nc6
9.Re1 Bd6 10.Kh1 Nxd4 11.Qxd4 Be5 12.Qd3 Nf6 13.a4 b4 14.Nd1 Rc8 15.Bd2 a5
16.c3 b3 17.Ra3 h5 18.Rxb3 Bc6 19.Ra3 Ng4 20.g3 Bd6 21.Ra1 Ne5 22.Qe2 Nxf3
23.Qxf3 f5 24.Kg1 h4 25.Bf4 hxg3 26.fxg3 Bxe4 27.Bxd6 Qxd6 28.Qf4 Qxf4 29.gxf4 Kf7
30.Nf2 Bc6 31.Re3 Rh4 32.Rg3 Rxf4 33.Rxg7+ Kf6 34.Rg3 Rh8 35.Rf1 e5 36.Rd1 Rxa4
37.h3 e4 38.Kh2 Ra2 39.Rg2 e3  0-1

[Event "Sydney Int Open"]
[Site "Parramatta AUS"]
[Date "2010.04.11"]
[Round "9"]
[White "Wang,O"]
[Black "Chowdhury,So"]
[Result "0-1"]
[WhiteElo "1943"]
[BlackElo "2194"]

1.e4 c5 2.Nf3 e6 3.d4 cxd4 4.Nxd4 a6 5.Nc3 Qc7 6.Be2 Nf6 7.O-O Bb4 8.Qd3 Nc6
9.Nxc6 bxc6 10.a3 Be7 11.Be3 d5 12.exd5 cxd5 13.Bf3 Bb7 14.Rfe1 O-O 15.g3 Rac8
16.Bd4 Rfe8 17.Be5 Qb6 18.Rad1 Nd7 19.Bd4 Qc7 20.Be3 Ne5 21.Qe2 Nxf3+ 22.Qxf3 d4
23.Qg4 dxe3 24.fxe3 Bxa3 25.Ne4 Be7 26.Nc3 Qc6 27.e4 Qb6+  0-1

[Event "Open"]
[Site "Bar MNE"]
[Date "2010.04.19"]
[Round "4"]
[White "Ivanovic,B"]
[Black "Dimitrijevic,A"]
[Result "1/2-1/2"]
[WhiteElo "2439"]
[BlackElo "2286"]

1.e4 c5 2.Nf3 e6 3.d4 cxd4 4.Nxd4 a6 5.Nc3 Nc6 6.Be3 Nge7 7.Nb3 Ng6 8.Bd3 Be7
9.O-O O-O 10.f4 d6 11.a3 b5  1/2-1/2

[Event "Open"]
[Site "Bar MNE"]
[Date "2010.04.23"]
[Round "8"]
[White "Mihaljevic,M"]
[Black "Lekic,L"]
[Result "0-1"]
[WhiteElo "2053"]
[BlackElo "1849"]

1.e4 c5 2.Nf3 e6 3.d4 cxd4 4.Nxd4 a6 5.Nc3 b5 6.a3 Bb7 7.Bd3 Qc7 8.Qe2 Nf6
9.Bd2 d6 10.O-O Nbd7 11.f4 Be7 12.Kh1 O-O 13.Rae1 Nc5 14.Rf3 d5 15.exd5 Nxd3
16.Qxd3 Nxd5 17.Nxd5 Bxd5 18.Rh3 h6 19.f5 Bf6 20.c3 Rad8 21.Qe2 exf5 22.Nxf5 Be6
23.Rf3 Bxf5 24.Rxf5 Qd7 25.Rf2 Rfe8 26.Qf1 Rxe1 27.Bxe1 Qd1 28.Qe2 Bg5 29.g3 Bc1
30.Qxd1 Rxd1 31.Kg2 Rxe1  0-1

[Event "TCh-ISR"]
[Site "Israel ISR"]
[Date "2010.04.23"]
[Round "7"]
[White "Caspi,I"]
[Black "Kantsler,B"]
[Result "1-0"]
[WhiteElo "2427"]
[BlackElo "2468"]

1.e4 c5 2.Nf3 e6 3.d4 cxd4 4.Nxd4 a6 5.Nc3 b5 6.Bd3 Bb7 7.O-O Nc6 8.Nxc6 Bxc6
9.Re1 Bc5 10.e5 Qh4 11.Ne4 Bxe4 12.Rxe4 Qxf2+ 13.Kh1 Ba7 14.a4 bxa4 15.Rexa4 Bb8
16.Rf4 Qc5 17.Rc4 Qd5 18.Rc8+ Ke7 19.Bg5+ f6 20.Qh5 Qxe5 21.Qe8+ Kd6 22.Bd2 Qxb2
23.Rd1 Ne7 24.Bf4+  1-0

[Event "TCh-ISR"]
[Site "Israel ISR"]
[Date "2010.04.23"]
[Round "7"]
[White "Sidorenko,I"]
[Black "Maryasin,B"]
[Result "1-0"]
[WhiteElo "2407"]
[BlackElo "2340"]

1.e4 c5 2.Nf3 e6 3.Nc3 a6 4.d4 cxd4 5.Nxd4 b5 6.Bd3 Qb6 7.Nf3 Bb7 8.O-O Nf6
9.e5 b4 10.Na4 Qa5 11.c4 Ne4 12.Re1 Nc5 13.Nxc5 Bxc5 14.b3 Nc6 15.Bb2 Qb6
16.Qe2 O-O-O 17.Ng5 d6 18.exd6 Rd7 19.Ne4 Re8 20.Qh5 g5 21.Qxg5 f5 22.Nxc5 Qxc5
23.Qe3 Qxd6 24.Bxf5 Rg8 25.Bxe6 Rxg2+ 26.Kxg2 Nd4+ 27.Kh3 Qc6 28.Qe4 Qd6
29.Qxd4  1-0

[Event "TCh-SUI 2010"]
[Site "Switzerland SUI"]
[Date "2010.04.25"]
[Round "3.6"]
[White "Nuri,Kam"]
[Black "Grandadam,N"]
[Result "0-1"]
[WhiteElo "2235"]
[BlackElo "2215"]

1.e4 c5 2.Nf3 e6 3.d4 cxd4 4.Nxd4 a6 5.Nc3 Qc7 6.Be3 Nf6 7.Qd2 Bb4 8.f3 d5
9.Nb3 dxe4 10.O-O-O Nbd7 11.Qd4 Bxc3 12.bxc3 O-O 13.c4 b5 14.Qd6 Qxd6 15.Rxd6 exf3
16.gxf3 Ne5 17.cxb5 axb5 18.Bxb5 Nd5 19.Bc5 Nc3 20.Rb6 Rd8 21.Be7 Rd5 22.Bc6 Nxa2+
23.Kb1 Nc3+ 24.Kb2 Na4+ 25.Bxa4 Nc4+ 26.Kc1 Nxb6 27.Bc6 Ra2 28.Bxd5 Nxd5
29.Rd1 Ba6 30.Rd2 h6 31.Bc5 g5 32.Bd4 Bc4 33.Bb2 Ra8 34.Kb1 Rb8 35.Na5 Rc8
36.Nxc4 Rxc4 37.Kc1 f6 38.Rd4 Rxd4 39.Bxd4 Kf7 40.Kd2 e5 41.Bf2 Ke6 42.Kd3 Kd6
43.Ke4 Ne7 44.h4 f5+ 45.Kd3 gxh4 46.Bxh4 Ng6 47.Bf6 h5 48.Ke3 Kd5 49.Bg7 h4
50.Bf6 f4+ 51.Kf2 Kd4 52.Kg2 Kc3 53.Kh3 Kxc2 54.Kg4 Kd3 55.Bxe5 h3  0-1

[Event "ACP Rapid Qualifier"]
[Site "Odessa UKR"]
[Date "2010.04.28"]
[Round "2.2"]
[White "Golubev,M"]
[Black "Savchenko,S"]
[Result "1-0"]
[WhiteElo "2492"]
[BlackElo "2545"]

1.e4 c5 2.Nf3 e6 3.Nc3 a6 4.d4 cxd4 5.Nxd4 Qc7 6.Bd3 Bc5 7.Nb3 Be7 8.a4 b6
9.Be3 d6 10.f4 Nd7 11.O-O Ngf6 12.Kh1 Bb7 13.Qe2 O-O 14.Rae1 Rfe8 15.Bf2 g6
16.Nd4 e5 17.fxe5 Nxe5 18.Bh4 Nxe4 19.Bxe4 Bxh4 20.g3 Bg5 21.Qg2 Rab8 22.Nd5 Bxd5
23.Bxd5 Re7 24.h4 Bh6 25.Nc6 Nxc6 26.Rxe7 Nxe7 27.Rxf7 Kh8 28.Qe4 Nxd5 29.Qd4+ Kg8
30.Rxc7 Nxc7 31.Qc4+ Kh8 32.Qxc7  1-0

[Event "Presidents Cup"]
[Site "Baku AZE"]
[Date "2010.04.29"]
[Round "2"]
[White "Sutovsky,E"]
[Black "Kamsky,G"]
[Result "1/2-1/2"]
[WhiteElo "2650"]
[BlackElo "2702"]

1.e4 c5 2.Nf3 e6 3.d4 cxd4 4.Nxd4 a6 5.Nc3 d6 6.Be3 b5 7.Qd2 Nf6 8.f3 h5
9.a4 bxa4 10.Nxa4 Nbd7 11.Qc3 Bb7 12.Nc6 Bxc6 13.Qxc6 Be7 14.Nb6 Rb8 15.Rxa6 O-O
16.Be2 d5 17.O-O Nxb6 18.Bxb6 Qc8 19.Bd4 dxe4 20.fxe4 Qxc6 21.Rxc6 Rfd8 22.Bxf6 Bxf6
23.Bxh5 Bd4+ 24.Kh1 g6 25.Bg4 Bxb2 26.Rc7 Rf8 27.g3 Be5 28.Rcxf7 Rxf7 29.Bxe6 Rf8
30.Kg2 Kg7 31.Rxf7+ Rxf7 32.Bxf7 Kxf7 33.Kf3 Kf6 34.Kg4 Bc3 35.h4 Ke5 36.Kf3 Be1
37.c4 Kd4  1/2-1/2

[Event "ch-CZE"]
[Site "Ostrava CZE"]
[Date "2010.05.02"]
[Round "2"]
[White "Haba,P"]
[Black "Potomak,V"]
[Result "1-0"]
[WhiteElo "2513"]
[BlackElo "2232"]

1.e4 c5 2.Nf3 e6 3.d4 cxd4 4.Nxd4 a6 5.Nc3 Qc7 6.Be2 Nf6 7.O-O Nc6 8.Be3 Bb4
9.Nxc6 bxc6 10.Qd4 c5 11.Qc4 Bb7 12.a3 Bxc3 13.Qxc3 Bxe4 14.Qxc5 Qxc5 15.Bxc5 Bxc2
16.Rfc1 Be4 17.b4 Bb7 18.b5 Nd5 19.Rab1 Nf4 20.Bf1 a5 21.Bd6 Nd5 22.b6 f6
23.Rc7 Nxc7 24.bxc7 Bc6 25.Rb8+ Kf7 26.Rxh8 Rxh8 27.Ba6 e5 28.c8=Q Rxc8 29.Bxc8 Ke6
30.Bc7 a4 31.Kf1 Bb5+ 32.Ke1 Kd5 33.Kd2 Kc5 34.h4 g6 35.Bd8 f5 36.Kc3 Bc6
37.Be7+ Kb5 38.Bd6 e4 39.g3  1-0

[Event "2nd Milko Bobotsov Mem"]
[Site "Sofia BUL"]
[Date "2010.05.02"]
[Round "4"]
[White "Badev,K"]
[Black "Spassov,L"]
[Result "1-0"]
[WhiteElo "2396"]
[BlackElo "2418"]

1.e4 c5 2.Nf3 e6 3.d4 cxd4 4.Nxd4 a6 5.Nc3 b5 6.g3 Bb7 7.Bg2 Nc6 8.O-O Nxd4
9.Qxd4 Ne7 10.Bf4 Nc6 11.Qd2 d6 12.a4 bxa4 13.Rfd1 Ne5 14.Nxa4 Qc7 15.c4 Be7
16.c5 Rd8 17.cxd6 Bxd6 18.Rac1 Qb8 19.Nc5 O-O 20.Nxb7  1-0

[Event "ch-CZE"]
[Site "Ostrava CZE"]
[Date "2010.05.04"]
[Round "4"]
[White "Cizinsky,P"]
[Black "Pisk,P"]
[Result "1-0"]
[WhiteElo "2124"]
[BlackElo "2333"]

1.e4 c5 2.Nf3 a6 3.Nc3 e6 4.d4 cxd4 5.Nxd4 Nc6 6.Nb3 Nf6 7.Bd3 Be7 8.O-O d6
9.Qe2 e5 10.f4 Bg4 11.Qe1 exf4 12.Bxf4 Be6 13.Rd1 Qc7 14.Be2 h5 15.Nd5 Bxd5
16.exd5 Ne5 17.c4 Nfd7 18.Kh1 Bf6 19.Nd2 g6 20.Ne4 Bg7 21.Bg5 Kf8 22.Qb4 Nc5
23.Nxc5 dxc5 24.d6 cxb4 25.dxc7 Kg8 26.Rd8+ Kh7 27.Rfd1 Rc8 28.Rxh8+ Bxh8
29.Bd8 Kg8 30.Rd6  1-0

[Event "ch-CZE"]
[Site "Ostrava CZE"]
[Date "2010.05.05"]
[Round "5"]
[White "Vaculik,M"]
[Black "Weissmann,L"]
[Result "1-0"]
[WhiteElo "2298"]
[BlackElo "2131"]

1.e4 c5 2.Nc3 e6 3.Nf3 a6 4.d4 cxd4 5.Nxd4 b5 6.g4 Bb7 7.Bg2 Qc7 8.O-O d6
9.a4 b4 10.Nce2 Nf6 11.Ng3 Nc6 12.g5 Nd7 13.c3 bxc3 14.bxc3 Nce5 15.Rb1 Rb8
16.f4 Nc4 17.Qh5 g6 18.Qh3 Nc5 19.f5 exf5 20.exf5 Bxg2 21.Rxb8+ Qxb8 22.Qxg2 Ne5
23.Ne4 Be7 24.f6 Bd8 25.Nxc5 dxc5 26.Nc6 Nxc6 27.Qxc6+ Kf8 28.Ba3 Qe5 29.Bxc5+ Kg8
30.Bd4 Qe2 31.Qd7 h5 32.Qxd8+ Kh7 33.Qd5  1-0

[Event "TCh-ISR"]
[Site "Israel ISR"]
[Date "2010.05.07"]
[Round "9"]
[White "Oleksienko,M"]
[Black "Kantsler,B"]
[Result "1/2-1/2"]
[WhiteElo "2546"]
[BlackElo "2468"]

1.e4 c5 2.Nf3 e6 3.d4 cxd4 4.Nxd4 a6 5.Nc3 b5 6.Bd3 Bb7 7.O-O Nc6 8.Nxc6 Bxc6
9.Qe2 Bc5 10.e5 f5 11.a4 b4 12.Nd1 a5 13.Be3 Qb6 14.Qh5+ g6 15.Qh4 Kf7 16.Qc4 Bxe3
17.Nxe3 Kg7 18.Rfd1 Nh6 19.Qh4 Rhf8 20.Qe7+ Rf7 21.Qh4 Qc5 22.Nc4 Rff8 23.Be2 Ng4
24.Qg3 Ra7 25.h3 Nh6  1/2-1/2

[Event "ch-UKR"]
[Site "Alushta UKR"]
[Date "2010.05.08"]
[Round "6"]
[White "Tiba,V"]
[Black "Kalinina,O"]
[Result "0-1"]
[WhiteElo "2008"]
[BlackElo "2254"]

1.e4 c5 2.Nf3 e6 3.d4 cxd4 4.Nxd4 a6 5.Nc3 Qc7 6.Be2 Nf6 7.O-O d6 8.Be3 b5
9.a3 Bb7 10.f3 Be7 11.Qe1 O-O 12.Qf2 Nbd7 13.Rfd1 Rac8 14.h3 d5 15.exd5 Nxd5
16.Nxd5 Bxd5 17.c3 Nf6 18.a4 bxa4 19.Bxa6 Ra8 20.Bb5 a3 21.bxa3 Bxa3 22.Qc2 Qe5
23.Bf2 Bd6 24.c4 Qh2+ 25.Kf1 Rxa1 26.Rxa1 Qh1+ 27.Bg1 Bc5 28.Rd1 Bb7 29.Qe2 Bd6
30.Qf2 Bc5 31.Qe2 Ba7 32.Qa2 Ra8 33.Qe2 h6 34.Qe5 Bb8 35.Qe2 Nh5 36.Kf2 Nf4
37.Qf1 Nxg2 38.Ne2 Nh4  0-1

[Event "FSGM May"]
[Site "Budapest HUN"]
[Date "2010.05.08"]
[Round "8"]
[White "Kovalev,An"]
[Black "Solomon,K"]
[Result "1/2-1/2"]
[WhiteElo "2518"]
[BlackElo "2351"]

1.e4 c5 2.Nf3 e6 3.Nc3 a6 4.d4 cxd4 5.Nxd4 Qc7 6.Bd3 Nf6 7.O-O Bc5 8.Nb3 Be7
9.f4 d6 10.a4 Nc6 11.a5 b5 12.axb6 Qxb6+ 13.Kh1 O-O 14.Qf3 Bb7 15.Bd2 Qc7
16.Qe2 Nb4 17.Nb5 axb5 18.Bxb4 Ra4 19.c3 e5 20.Rae1 Ra2 21.Qc2  1/2-1/2

[Event "ch-Commonwealth"]
[Site "Delhi IND"]
[Date "2010.05.10"]
[Round "2"]
[White "Adhiban,B"]
[Black "Prince,Ba"]
[Result "1/2-1/2"]
[WhiteElo "2510"]
[BlackElo "2180"]

1.e4 c5 2.Nf3 e6 3.d4 cxd4 4.Nxd4 a6 5.Nc3 Qc7 6.Be2 Nc6 7.O-O Nf6 8.Be3 Bb4
9.Na4 Be7 10.Nxc6 bxc6 11.Nb6 Rb8 12.Nxc8 Qxc8 13.Bd4 Qc7 14.e5 Nd5 15.c4 Nf4
16.Bf3 Ng6 17.Qe2 c5 18.Bc3 f6 19.Bh5 O-O 20.Bxg6 hxg6 21.Rad1 Rb7 22.Rd3 f5
23.Rfd1 Qc6 24.h3 Kf7 25.f3 Rh8 26.Qd2 Ke8 27.Qf2 Bh4 28.Qe2 Be7 29.Qd2 Rh4
30.b3 Rh8 31.Qf2 Bh4 32.Qd2 Be7 33.Qe2 Kf7 34.Qd2 Ke8  1/2-1/2

[Event "TCh-UKR Clubs"]
[Site "Alushta UKR"]
[Date "2010.05.13"]
[Round "1"]
[White "Filin,S"]
[Black "Volovikov,An"]
[Result "0-1"]
[WhiteElo "2052"]
[BlackElo "2314"]

1.e4 c5 2.Nf3 e6 3.d4 cxd4 4.Nxd4 a6 5.Nc3 b5 6.a3 Bb7 7.Be2 Qc7 8.O-O Nf6
9.Bf3 d6 10.Bg5 Nbd7 11.Bh5 Qc4 12.Ncxb5 axb5 13.b3 Qc3 14.Nxe6 Nxh5 15.Nxf8 Nxf8
16.Qxd6 f6 17.Bd2 Qc6 18.Qb4 Ne6 19.c4 bxc4 20.bxc4 Ra4 21.Qb3 O-O  0-1

[Event "ch-Commonwealth"]
[Site "Delhi IND"]
[Date "2010.05.13"]
[Round "6"]
[White "Dzhumaev,M"]
[Black "Prasenjit,Dat"]
[Result "1-0"]
[WhiteElo "2495"]
[BlackElo "2283"]

1.e4 c5 2.Nf3 e6 3.Nc3 a6 4.d4 cxd4 5.Nxd4 Qc7 6.Bd3 Nc6 7.Nxc6 dxc6 8.O-O e5
9.f4 Bd6 10.Qe2 Nf6 11.f5 b5 12.a4 Bb7 13.Kh1 Bc5 14.Nd1 h5 15.Nf2 Rd8 16.b3 Bd4
17.Rb1 Qb6 18.Bg5 Rd6 19.Bh4 Qc7 20.b4 Qd7 21.Qf3 Nh7 22.Be2 O-O 23.Qg3 bxa4
24.Nd3 a3 25.c3 a2 26.Rbc1 Bb6 27.Nxe5 Qc7 28.f6 g6 29.Bc4 Rd5 30.exd5 cxd5
31.Bxa2  1-0

[Event "BEL-VSF"]
[Site "Gent BEL"]
[Date "2010.05.14"]
[Round "3"]
[White "Schuermans,R"]
[Black "Draftian,A"]
[Result "1-0"]
[WhiteElo "2107"]
[BlackElo "2288"]

1.e4 c5 2.Nf3 e6 3.d4 cxd4 4.Nxd4 a6 5.Nc3 Qc7 6.g3 Nf6 7.Bg2 Nc6 8.O-O Be7
9.Re1 Nxd4 10.Qxd4 Bc5 11.Bf4 Qb6 12.Qd2 Ng4 13.Rf1 e5 14.Nd5 Qc6 15.b4 Ba7
16.h3 Nxf2 17.Rxf2 exf4 18.Qxf4 Bxf2+ 19.Qxf2 d6 20.e5 dxe5 21.Nb6 Qc3 22.Rf1 O-O
23.Nxa8 Be6 24.Nb6 Qxb4 25.c4 h6 26.Kh2 Bxc4 27.Nxc4 Qxc4 28.Bxb7 Rb8 29.Bg2 Qc3
30.Qxf7+ Kh8 31.Rf2 Qd4 32.Qf5 Rb4 33.Rc2 Rc4 34.Re2  1-0

[Event "Open ch-State"]
[Site "Stuttgart GER"]
[Date "2010.05.14"]
[Round "4"]
[White "Osmanovic,F"]
[Black "Strunski,A"]
[Result "0-1"]
[WhiteElo "2093"]
[BlackElo "2381"]

1.e4 c5 2.Nf3 e6 3.d4 cxd4 4.Nxd4 a6 5.Nc3 Qc7 6.Bd3 Nc6 7.Nxc6 bxc6 8.O-O d5
9.Re1 Nf6 10.Bg5 Be7 11.e5 Ng8 12.Bd2 c5 13.Qg4 g6 14.Qa4+ Kf8 15.Qg4 h5
16.Qg3 h4 17.Qf4 Kg7 18.g4 g5 19.Qf3 Bb7 20.Qh3 Qc6 21.Bf1 Nh6 22.Bg2 f5
23.exf6+ Bxf6 24.Re2 Rae8 25.Rae1 Qd7 26.f4 Nf7 27.fxg5 Nxg5 28.Bxg5 Bxg5
29.Re5 Bf6 30.Rh5 Qf7 31.Rxh8 Rxh8 32.Kh1 Bg5 33.Nd1 Rf8 34.Rf1 Qc7 35.Rxf8 Kxf8
36.Qc3 Kf7 37.Qb3 Bc6 38.Qf3+ Qf4 39.c4 Ke7 40.Qxf4 Bxf4 41.Kg1 Kd6 42.h3 Bc1
43.b3 Be8 44.Kf2 Bg6 45.Ke2 Ke5 46.cxd5 exd5 47.Nc3 d4 48.Kd1 Ba3 49.Nd5 Bf7
50.Nb6 Kf4 51.Bd5 Bg6 52.Bb7 a5 53.Nc4 Bb4 54.Bc8 Kg3 55.Ne5 Bb1 56.g5 Kf4
57.Nf7 Bxa2 58.Be6 Bb1 59.Bc4 Bg6 60.Nh8 Bh5+ 61.Kc2 Kxg5 62.Nf7+ Kf4 63.Be6 Bg6+
64.Kd1 Bf5 65.Bxf5 Kxf5 66.Ke2 Kf4 67.Kf2 a4 68.bxa4 c4 69.Nd8 d3 70.Ne6+ Ke5
71.Ng5 Bc5+ 72.Ke1 c3 73.Nf3+ Ke4 74.Nd2+ cxd2+ 75.Kxd2 Bb4+ 76.Kd1 Ke3  0-1

[Event "ch-HUN w"]
[Site "Nagykanizsa HUN"]
[Date "2010.05.15"]
[Round "2"]
[White "Varga,Kl"]
[Black "Toth,Li"]
[Result "0-1"]
[WhiteElo "2223"]
[BlackElo "2175"]

1.e4 c5 2.Nf3 e6 3.d4 cxd4 4.Nxd4 a6 5.Nc3 Qc7 6.Bd3 g6 7.O-O Bg7 8.Be3 Nf6
9.f4 d6 10.Ncb5 axb5 11.Nxb5 Qc6 12.e5 O-O 13.exf6 Bxf6 14.c3 Na6 15.f5 exf5
16.Nd4 Bxd4 17.Bxd4 Nc5 18.Rf3 Be6 19.Rh3 f6 20.Qe1 f4 21.Rh6 Nxd3 22.Qxe6+ Kg7
23.Qh3 Rh8 24.Qxd3 Kxh6 25.Bxf6 Qb6+ 26.Kh1 Qe3 27.Qxe3 fxe3 28.Bxh8 Rxh8
29.Kg1 Kg5 30.Rf1 Re8 31.g3 h5 32.Kg2 h4 33.a4 Kg4 34.Rf4+ Kg5 35.Kf1 hxg3
36.hxg3 e2+ 37.Ke1 Re3 38.Rb4 Kf5 39.g4+ Kg5 40.Rxb7 Kxg4 41.a5 Re5 42.b4 Kf3
43.a6 Rh5 44.Rf7+ Ke3 45.Re7+ Kd3 46.a7 Rh1+ 47.Kf2 Rf1+ 48.Kg2 Ra1 49.b5 Rxa7
50.Re6 Ra1  0-1

[Event "4th All China Games Rapid"]
[Site "Hefei CHN"]
[Date "2010.05.18"]
[Round "3"]
[White "Wang Yu A"]
[Black "Yu Shaoteng"]
[Result "0-1"]
[WhiteElo "2337"]
[BlackElo "2529"]

1.e4 c5 2.Nf3 e6 3.d4 cxd4 4.Nxd4 a6 5.Nc3 Qc7 6.Bd3 Bc5 7.Nb3 Be7 8.O-O d6
9.a4 b6 10.Be3 Bb7 11.f4 Nf6 12.Qf3 O-O 13.Qh3 Nc6 14.Rae1 Rfe8 15.g4 Nb4
16.Nd4 d5 17.e5 Ne4 18.Nce2 Nxd3 19.cxd3 Nc5 20.Bf2 Nxa4 21.f5 exf5 22.e6 Bf6
23.gxf5 Nxb2 24.Rc1 Qe7 25.exf7+ Qxf7 26.Ne6 Na4 27.N2f4 Nc5 28.d4 Nxe6 29.fxe6 Qe7
30.Rce1 Rac8 31.Re2 Bg5 32.Bg3 Qb4 33.Qh5 Qxd4+ 34.Kg2 Qf6 35.h4 d4+ 36.Kh2 Bh6
37.Qf7+ Qxf7 38.exf7+ Kxf7 39.Nd5+ Kg8 40.Ne7+ Kh8 41.Re6 Rc2+ 42.Rf2 d3
43.Rxh6 Rxe7 44.Rxb6 Rd7  0-1

[Event "TCh-UKR Clubs"]
[Site "Alushta UKR"]
[Date "2010.05.19"]
[Round "10"]
[White "Brusilovskiy,B"]
[Black "Tukhaev,A"]
[Result "0-1"]
[WhiteElo "2097"]
[BlackElo "2534"]

1.e4 c5 2.Nf3 e6 3.d4 cxd4 4.Nxd4 a6 5.Nc3 Qc7 6.Be2 b5 7.a3 Bb7 8.O-O Nf6
9.Bf3 d6 10.Be3 Nbd7 11.Qe2 Be7 12.Rad1 Ne5 13.Rfe1 O-O 14.Bf4 Nc4 15.Bc1 Ne5
16.Bf4 Rac8 17.h3 h6 18.Qf1 Nc4 19.Bc1 Rfd8 20.Be2 Nxa3 21.Bd3 Nc4 22.Kh1 Qb6
23.Nf3 Ne5 24.Re3 Nxd3 25.cxd3 d5 26.e5 d4 27.exf6 Bxf6 28.Ne4 dxe3 29.Nxf6+ gxf6
30.Bxe3 Qd6 31.Bxh6 Kh7 32.Be3 Bxf3 33.gxf3 Qd5 34.Qe2 Rg8 35.d4 Rg6 36.Bf4 Rc2
37.Qe3 Rxb2 38.Bg3 Rb3 39.Rd3 Rxd3 40.Qxd3 b4 41.Qxa6 Qxf3+ 42.Kh2 b3 43.Qb5 Rg5
44.Qc4 Rxg3 45.fxg3 Qf2+ 46.Kh1 b2  0-1

[Event "4th All China Games Rapid"]
[Site "Hefei CHN"]
[Date "2010.05.19"]
[Round "8"]
[White "Liang Jinrong"]
[Black "Yu Shaoteng"]
[Result "0-1"]
[WhiteElo "2462"]
[BlackElo "2529"]

1.e4 c5 2.Nf3 e6 3.d4 cxd4 4.Nxd4 a6 5.Nc3 b5 6.a3 Bb7 7.Bd3 d6 8.O-O Nf6
9.Be3 Be7 10.f4 Nbd7 11.Kh1 O-O 12.Qf3 Rc8 13.Qh3 Re8 14.Rae1 Bf8 15.Nf3 e5
16.f5 d5 17.Bg5 Qb6 18.exd5 Rxc3 19.bxc3 e4 20.Bxf6 Nxf6 21.Ng5 Bxd5 22.Be2 h6
23.Qh4 hxg5 24.Qxg5 Qc6 25.Rf4 Qxc3 26.Ref1 Qd2 27.Bd1 e3  0-1